Sports Quiz

Random Sports Quiz

Chelsea FC Starting Line up 10/11 Quiz Stats

Quiz not verified by Sporcle

Challenge
Share
Tweet
Embed
Score 0/20 Timer 10:00
0 Plays Today
% Correct
Petr Cech
81.8%
Frank lampard
79.2%
Didier Drogba
75.3%
Ashley Cole
70.1%
John Terry
59.7%
Fernando Torres
55.8%
Michael Essien
54.5%
Florent Malouda
53.2%
Nicolas Anelka
53.2%
David Luiz
42.9%
% Correct
John Obi Mikel
42.9%
Ramires
37.7%
Branislav Ivanovic
35.1%
Saloman Kalou
19.5%
Daniel Sturridge
18.2%
Hilario
15.6%
Gael Kakuta
10.4%
Fabio Borini
3.9%
Jimmy Walker
3.9%
Michael Mancienne
2.6%

You're not logged in!

Compare scores with friends on all Sporcle quizzes.
Sign Up with Email
OR
Log In

You Might Also Like...

Show Comments

Extras

Top Quizzes Today


Score Distribution

Your Account Isn't Verified!

In order to create a playlist on Sporcle, you need to verify the email address you used during registration. Go to your Sporcle Settings to finish the process.